TOP 250 firiem slovenského priemyslu

Hodnotenie slovenských priemyselných podnikov podľa výšky obratu za rok 2007. Do rebríčka boli zaradené hlavne podniky, kde prevažuje vlastná výroba, nie obchod. Do hodnotenia boli zahrnuté aj stavebné spoločnosti, kde môžu väčšiu časť obratu tvoriť tržby za výkony.

Salvato in:
Dettagli Bibliografici
Natura: Capitolo di libro
Lingua:slovacco
Soggetti:
Tags: Aggiungi Tag
Nessun Tag, puoi essere il primo ad aggiungerne!!

MARC

LEADER 00000naa$a2200000$$$4500
001 0080335
005 20231009111018.1
041 0 |a slo 
044 |a SK 
245 1 0 |a TOP 250 firiem slovenského priemyslu 
520 |a Hodnotenie slovenských priemyselných podnikov podľa výšky obratu za rok 2007. Do rebríčka boli zaradené hlavne podniky, kde prevažuje vlastná výroba, nie obchod. Do hodnotenia boli zahrnuté aj stavebné spoločnosti, kde môžu väčšiu časť obratu tvoriť tržby za výkony. 
610 2 0 |a podnik priemyselný 
610 2 0 |a podnik stavebný 
610 2 0 |a zisk 
610 2 0 |a tržby 
610 2 0 |a Slovensko 
610 2 0 |a 2007